Mister V - Top album - Statistiques

Statistiques générales
  • Ce quiz a été pris 117 fois
    116 depuis la dernière actualisation
  • Le résultat moyen est 301 sur 486
Statistiques - réponses
Réponse % Correct
à
99%
a
99%
l'
98%
m'
98%
c'
97%
C'
97%
d'
97%
P
97%
T'
97%
t'
97%
j'
96%
J'
96%
s'
96%
le
94%
album
91%
ma
90%
Ma
90%
qu'
90%
top
90%
es
89%
me
88%
que
88%
dans
87%
de
87%
pas
87%
sa
86%
si
86%
Si
86%
Y
84%
y
84%
est
82%
V
82%
Nique
81%
as
80%
finis
80%
mère
80%
Comme
79%
suis
79%
les
78%
Les
78%
ai
74%
trop
74%
mais
73%
Mais
73%
musique
73%
bien
72%
pour
71%
du
70%
commercial
69%
ça
68%
des
68%
je
68%
relou
68%
tous
67%
Tous
67%
en
66%
bon
64%
monde
64%
ce
63%
et
62%
Et
62%
plus
62%
se
62%
Fatal
61%
sur
61%
la
60%
La
60%
Rien
60%
Bob
59%
Marley
59%
Mister
59%
un
59%
au
57%
Bazooka
57%
capote
57%
sans
57%
tout
57%
baise
56%
ta
56%
elle
55%
Ils
55%
ils
55%
par
55%
coups
54%
gagne
54%
couilles
53%
barre
52%
gosses
52%
écoute
51%
réponds
51%
inquiètes
50%
boules
49%
disque
49%
lourde
49%
sort
48%
veulent
48%
daron
47%
Non
47%
vous
47%
main
46%
rends
46%
flow
45%
merci
45%
sont
45%
dit
44%
Bellek
43%
bellek
43%
cornet
43%
équipe
43%
prends
43%
rendez
43%
wesh
43%
moi
41%
on
41%
Encore
40%
faibles
39%
trous
39%
perde
38%
Quand
38%
quand
38%
vieille
38%
armés
37%
deux
36%
fais
36%
débarque
35%
même
35%
rapporte
35%
Tony
35%
échec
34%
rang
34%
taf
34%
fera
33%
porte
33%
doutes
32%
katana
32%
rappe
32%
sapes
32%
secrétaire
32%
tape
32%
rings
31%
stades
31%
masse
30%
membres
30%
phénomènes
30%
puristes
30%
putains
30%
terre
30%
autre
29%
grand
29%
mes
29%
bouts
28%
Chirurgien
28%
être
28%
petit
28%
surveillants
28%
diluviennes
27%
jus
27%
pluies
27%
étais
26%
grave
26%
patron
26%
saoulé
26%
bourré
24%
but
24%
déclaré
24%
life
24%
Minute
24%
plume
24%
voulais
24%
Paraît
23%
paraît
23%
temps
23%
veux
23%
prêts
22%
bé-tom
21%
déboule
21%
fait
21%
gros
21%
juste
21%
Maid
21%
mec
21%
nage
21%
vivent
21%
vu
21%
ambiance
20%
Faire
20%
gens
20%
loin
20%
rater
20%
roulé
20%
succès
20%
Tortue
20%
crois
19%
gonfler
19%
Joints
19%
victimes
19%
île
18%
maisons
18%
Brique
17%
brique
17%
Kardashian
17%
stats
17%
toit
17%
construit
16%
gants
16%
Géniale
16%
oh
16%
pecs
16%
porc
16%
atteins
15%
d'un
15%
preuves
15%
qué-cra
15%
romance
15%
chien
14%
mili'
14%
string
14%
arrêter
13%
chaud
13%
dents
13%
vient
13%
clique
12%
finissent
12%
estime
11%
oui
11%
seraient
11%
bêtement
10%
Face
10%
péta
10%
reluque
10%
sors
10%
youv
10%
arrivent
9%
mécas
7%
spliff
7%
vois
7%
leurs
4%
Roules
2%
Aucun quiz correspondant
Distribution des résultats
% des personnes avec chaque résultat
Percentile par nombre de réponses
Votre historique - résultats
Vous n’avez pas pris ce quiz depuis la dernière actualisation